Land reform = Réforme agraire = Reforma agraria Land settlement and cooperatives = Colonisation et coopératives agricoles = Colonizacíon y cooperativas

Shranjeno v:
Bibliografske podrobnosti
Glavni avtor: FAO
Format: Knjiga
Jezik:Undetermined
Izdano: Rome, Italy FAO 2002
Teme:
Oznake: Označite
Brez oznak, prvi označite!
Thư viện lưu trữ: Trung tâm Học liệu Trường Đại học Cần Thơ
LEADER 00594nam a2200181Ia 4500
001 CTU_51382
008 210402s9999 xx 000 0 und d
082 |a 338.18 
082 |b L253/2002/1 
100 |a FAO 
245 0 |a Land reform = Réforme agraire = Reforma agraria 
245 0 |b Land settlement and cooperatives = Colonisation et coopératives agricoles = Colonizacíon y cooperativas 
245 0 |c Edited by P. Groppo 
260 |a Rome, Italy 
260 |b FAO 
260 |c 2002 
650 |a land reform,land settlement 
980 |a Trung tâm Học liệu Trường Đại học Cần Thơ